00386nam a2200121Ia 4500008004100000020002200041041000800063082002700071100004600098245008000144260003000224300001000254230411s9999 xx 000 0 und d a978-81-312-5419-6 aeng aMS/610.7361/BLA/B09159 aBlack Joyce M Hawks Jane H & Malarvizhi S aBlacks Medical Surgical Nursing : Clinical management for positive outcomes bElsevieraNew Delhic2019 a2311p